Szczegóły MARC21

Mikroekonometria w teorii i praktyce : VI ogólnopolska konferencja naukowa zorganizowana przez Katedrę Ekonometrii i Statystyki Uniwersytetu Szczecińskiego oraz Komitet Ekonometrii i Statystyki PAN, Świnoujście, 16-18 września 1993 roku /

003 -Nazwa inst., której nr kontr. jest w polu 001 [,]
    • @
    • Nazwa instytucji, której n kontrolny jest w polu 001
    • NUKAT
005 -DATA I CZAS OSTATNIEJ MODYFIKACJI [,]
    • @
    • pole kontrolne
    • 20251007140507.0
020 -Międzynarod. znormalizowany nr książki - ISBN [ , ]
    • a
    • Numer ISBN
    • 8386745193 Find
040 -Instytucja sporządzająca opis [ , ]
    • a
    • Instytucja, która sporządziła opis (NP)
    • NUKAT
    • c
    • Instytucja, która sporządziła rekord (NP)
    • WA U/ED
041 -Język dokumentu [0, ]
    • a
    • Język tekstu (P)
    • polski
    • b
    • Język streszczeń lub abstraktu (P)
    • angielski
942 -Rodzaj dokumentu [ , ]
    • c
    • Rodzaj dokumentu
    • Książka
245 -Strefa tytułu i oznaczenia odpowiedzialności [0,0]
    • a
    • Tytuł
    • Mikroekonometria w teorii i praktyce : Find
    • b
    • Ciąg dalszy tytułu (NP)
    • VI ogólnopolska konferencja naukowa zorganizowana przez Katedrę Ekonometrii i Statystyki Uniwersytetu Szczecińskiego oraz Komitet Ekonometrii i Statystyki PAN, Świnoujście, 16-18 września 1993 roku / Find
    • c
    • Pozostałe elementy strefy tytułu i oznaczenia odpowiedzialności (NP)
    • [red. nauk. Józef Hozer].
260 -Strefa adresu wydawniczego [ , ]
    • a
    • Miejsce wydania (P)
    • Szczecin :
    • b
    • Nazwa wydawcy (P)
    • Wydaw. Naukowe US,
    • c
    • Data wydania (P)
    • 1995.
300 -Strefa opisu fizycznego [ , ]
    • a
    • Określenie formy książki i/lub objętość (NP)
    • 244 s. ;
    • c
    • Format (NP)
    • 22 cm.
336 -Typ zawartości [ , ]
    • a
    • Termin opisujący typ zawartości
    • Tekst
    • b
    • Kod określający zawartość
    • txt
    • 2
    • Źródło (terminu i kodu)
    • rdacontent
337 -Typ mediów [ , ]
    • a
    • Tryb odtwarzania
    • Bez urządzenia pośredniczącego
    • b
    • Kod typu mediów
    • n
    • 2
    • Źródło (terminu i kodu)
    • rdamedia
338 -Typ/rodzaj nośnika [ , ]
    • a
    • Hasło opisujące typ nośnika
    • Wolumin
    • b
    • Kod typu nośnika
    • nc
    • 2
    • Źródło (terminu i kodu)
    • rdacarrier
490 -Strefa serii i książki wielotomowej - forma nie do wyszukiwania [1, ]
    • a
    • Tytuł (P)
    • Materiały, Konferencje / Uniwersytet Szczeciński, Find
    • x
    • ISSN (NP)
    • 1232-5848 ;
    • v
    • Numeracja (P)
    • nr 6
830 -Hasło dodatkowe serii i opisu książki wielotomowej - tytuł ujednolicony/tytuł [ ,0]
    • a
    • Tytuł ujednolicony/tytuł (NP)
    • Materiały, Konferencje - Uniwersytet Szczeciński
    • x
    • ISSN
    • 1232-5848
    • v
    • Oznaczenie tomu (NP)
    • nr 6
    • 9
    • KHW
    • 14254
500 -Uwaga ogólna [ , ]
    • a
    • Uwaga ogólna (NP)
    • Streszcz. w jęz. ang.
650 -Hasło przedmiotowe [ ,7]
    • a
    • Hasło przedmiotowe
    • Ekonometria
    • v
    • Określnik formalny
    • konferencje.
    • 2
    • Źródło terminu
    • kaba
    • 9
    • KHW
    • 362970
700 -Hasło dodatkowe - nazwa osobowa [1, ]
    • a
    • Nazwa osobowa (NP)
    • Hozer, Józef Find
    • d
    • Daty biograficzne (NP)
    • (1948-2023).
    • 9
    • KHW
    • 7277
710 -Hasło dodatkowe - nazwa ciała zbiorowego [2, ]
    • a
    • Nazwa ciała zbiorowego lub nazwa geograficzna jako pierwszy element (NP)
    • Uniwersytet Szczeciński.
    • b
    • Nazwa jednostki podrzędnej (P)
    • Wydawnictwo Naukowe.
    • 4
    • Kod relacji
    • pbl
    • 9
    • KHW
    • 51208
920 -ISBN [ , ]
    • a
    • ISBN
    • 83-86745-19-3 Find
Sygnatura Numer inwentarzowy Status udost. Lokalizacja Data inwentaryzacji
 E.63751-2BE1996-08-20
 S.788082BE1996-08-20
 S.788092BE1996-08-20
 S.78810-3BE1996-08-20
 S.802282BE1997-04-18
Z.88349Z.883491BG1996-08-20
W.186870W.186870-3BG1996-08-20
W.186870W.186871-3BG1996-08-20
W.186870W.186872-3BG1996-08-20
 TS.78811-11T1996-08-20
 TS.78812-11T1996-08-20